[Event "Asuncion CIT op"]
[Site "Asuncion"]
[Date "2023.08.17"]
[Round "8"]
[White "Munoz Orozco, Sashir Nicolas"]
[Black "Centurion, Emilio"]
[Result "0-1"]
[WhiteElo "1664"]
[BlackElo "1889"]
[PlyCount "68"]
[EventDate "2023.08.12"]
[EventType "swiss"]
[EventRounds "9"]
[EventCountry "PAR"]
[SourceTitle "CBM 215 Extra"]
[Source "ChessBase"]
[SourceDate "2023.09.30"]
[SourceVersion "1"]
[SourceVersionDate "2023.09.30"]
[SourceQuality "1"]

1. e4 c5 2. Nf3 d6 3. d4 cxd4 4. Nxd4 Nf6 5. Nc3 a6 6. Be3 e5 7. Nb3 Be6 8. Qd2 Be7 9. f3 h5 10. 0-0-0 Nbd7 11. Nd5 Nxd5 12. exd5 Bf5 13. Bd3 Bxd3 14. Qxd3 Bg5 15. Kb1 Bxe3 16. Qxe3 0-0 17. h4 f5 18. g4 fxg4 19. fxg4 hxg4 20. Nd2 Rf4 21. Ne4 Qb6 22. Rhe1 Qxe3 23. Rxe3 Nf6 24. Nxd6 Rd8 25. Nxb7 Rxd5 26. Rc1 Ne4 27. Ka1 g3 28. c4 Rd2 29. c5 g2 30. Ree1 Rff2 31. Rb1 Nc3 32. Rbc1 Nb5 33. Rb1 Na3 34. c6 Nc2# 0-1

[Event "Asuncion CIT op"]
[Site "Asuncion"]
[Date "2023.08.16"]
[Round "7"]
[White "Centurion, Emilio"]
[Black "Do Valle Cardoso, Lucas"]
[Result "0-1"]
[WhiteElo "1889"]
[BlackElo "2282"]
[PlyCount "82"]
[EventDate "2023.08.12"]
[EventType "swiss"]
[EventRounds "9"]
[EventCountry "PAR"]
[SourceTitle "CBM 215 Extra"]
[Source "ChessBase"]
[SourceDate "2023.09.30"]
[SourceVersion "1"]
[SourceVersionDate "2023.09.30"]
[SourceQuality "1"]

1. e4 c5 2. Nf3 d6 3. d4 cxd4 4. Nxd4 Nf6 5. Nc3 a6 6. h3 e6 7. Be3 b5 8. f3 Bb7 9. Qd2 Nbd7 10. g4 h6 11. h4 Rc8 12. Rh2 Ne5 13. g5 Nh5 14. Qg2 g6 15. f4 Nc4 16. Bxc4 Rxc4 17. gxh6 Qf6 18. 0-0-0 Bxh6 19. Kb1 Nxf4 20. Qf2 b4 21. Nce2 Nxe2 22. Qxe2 Rc8 23. Bxh6 Rxh6 24. Qd2 Rxh4 25. Rf2 Qe7 26. Rdf1 Bxe4 27. Qxb4 f5 28. Qa4+ Qd7 29. Qb3 Kf7 30. Nf3 Bxf3 31. Qxf3 Rch8 32. Rg1 Rh3 33. Qg4 R8h6 34. a3 Rh1 35. Ka2 e5 36. Rxh1 Rxh1 37. Qg5 e4 38. Qe3 Qe6+ 39. b3 Qe5 40. b4 Ra1+ 41. Kb3 Rb1+ 0-1

[Event "PAR-ch sf"]
[Site "Asuncion"]
[Date "2022.06.12"]
[Round "7"]
[White "Melian, Juan Sebastian"]
[Black "Centurion, Emilio"]
[Result "1-0"]
[WhiteElo "2134"]
[BlackElo "1889"]
[PlyCount "97"]
[EventDate "2022.06.10"]
[EventType "swiss"]
[EventRounds "7"]
[EventCountry "PAR"]
[SourceTitle "EXT 2024"]
[Source "ChessBase"]
[SourceDate "2023.10.10"]
[SourceVersion "1"]
[SourceVersionDate "2023.10.10"]
[SourceQuality "1"]

1. d4 d5 2. c4 e6 3. Nc3 Nf6 4. cxd5 exd5 5. Bg5 Be7 6. e3 0-0 7. Bd3 Nbd7 8. Nf3 c5 9. 0-0 a6 10. dxc5 Nxc5 11. Bxf6 Bxf6 12. Nxd5 Nxd3 13. Qxd3 Bxb2 14. Rab1 Be6 15. Rfd1 Bxd5 16. Qxd5 Qxd5 17. Rxd5 Rfc8 18. Kf1 Rc1+ 19. Rxc1 Bxc1 20. Rd3 b5 21. Rb3 Rc8 22. Ke2 Rc2+ 23. Kd1 Rxa2 24. Kxc1 Rxf2 25. Rb2 Rf1+ 26. Kc2 g6 27. Ra2 Kg7 28. Kc3 Rc1+ 29. Kb4 Rc4+ 30. Ka5 Rc6 31. Nd4 Rf6 32. Nb3 Rc6 33. e4 Kf6 34. Rf2+ Ke7 35. e5 Rc3 36. Nd4 Rc4 37. Rd2 Ra4+ 38. Kb6 h5 39. Nc6+ Ke6 40. Rd6+ Kf5 41. Rf6+ Kg5 42. Rxf7 b4 43. Kc5 b3 44. Rb7 Ra2 45. Rxb3 Rxg2 46. Rg3+ Rxg3 47. hxg3 Kf5 48. Kd6 g5 49. e6 1-0

[Event "PAR-ch sf"]
[Site "Asuncion"]
[Date "2021.11.14"]
[Round "5"]
[White "Torales G, Ivan Alejandro B"]
[Black "Centurion, Emilio"]
[Result "0-1"]
[WhiteElo "1064"]
[BlackElo "1841"]
[PlyCount "68"]
[EventDate "2021.11.12"]
[EventType "swiss"]
[EventRounds "9"]
[EventCountry "PAR"]
[SourceTitle "EXT 2023"]
[Source "ChessBase"]
[SourceDate "2022.10.05"]
[SourceVersion "1"]
[SourceVersionDate "2022.10.05"]
[SourceQuality "1"]

1. e4 d6 2. d4 g6 3. Nf3 Bg7 4. Bc4 e6 5. Bg5 Ne7 6. 0-0 0-0 7. Nc3 h6 8. Be3 b6 9. Qd2 Kh7 10. Rae1 Bb7 11. g3 Nd7 12. Nh4 Nf6 13. Bd3 Ng4 14. h3 Nxe3 15. fxe3 f5 16. exf5 exf5 17. e4 Bxd4+ 18. Kh2 Be5 19. exf5 Nxf5 20. Bxf5 gxf5 21. Nxf5 Rf6 22. Nd5 Bxd5 23. Qxd5 Qg8 24. Qe4 Kh8 25. Qh4 Qg6 26. Ne7 Qxc2+ 27. Kh1 Raf8 28. Rxf6 Rxf6 29. Qg4 Qh7 30. Qc8+ Kg7 31. Qxc7 Rf7 32. Qd8 Qd3 33. Qg8+ Kf6 34. Qg6+ Qxg6 0-1

[Event "PAR-ch sf"]
[Site "Asuncion"]
[Date "2021.11.13"]
[Round "3"]
[White "Melian, Juan Sebastian"]
[Black "Centurion, Emilio"]
[Result "1-0"]
[WhiteElo "2040"]
[BlackElo "1841"]
[PlyCount "62"]
[EventDate "2021.11.12"]
[EventType "swiss"]
[EventRounds "9"]
[EventCountry "PAR"]
[SourceTitle "EXT 2023"]
[Source "ChessBase"]
[SourceDate "2022.10.05"]
[SourceVersion "1"]
[SourceVersionDate "2022.10.05"]
[SourceQuality "1"]

1. e4 c5 2. b3 g6 3. Bb2 Nf6 4. e5 Nd5 5. Nc3 Nxc3 6. Bxc3 Bg7 7. h4 Nc6 8. h5 Bxe5 9. Bxe5 Nxe5 10. f4 Nc6 11. hxg6 fxg6 12. Bd3 Qa5 13. Rxh7 Rxh7 14. Bxg6+ Kd8 15. Bxh7 d6 16. c3 Bd7 17. Qc2 Qa3 18. Nf3 Kc7 19. Be4 Rf8 20. f5 d5 21. Bxd5 Bxf5 22. d3 Rd8 23. Be4 e6 24. Bxf5 exf5 25. Kf2 Ne7 26. Re1 Nd5 27. d4 f4 28. Re2 Ne3 29. Qe4 Nd1+ 30. Kg1 Nxc3 31. Qe5+ Kc6 1-0

[Event "PAR-ch sf"]
[Site "Asuncion"]
[Date "2020.03.07"]
[Round "2"]
[White "Centurion, Emilio"]
[Black "De la Vega, Ricardo"]
[Result "1-0"]
[WhiteElo "1852"]
[BlackElo "1483"]
[PlyCount "73"]
[EventDate "2020.03.06"]
[EventType "swiss"]
[EventRounds "7"]
[EventCountry "PAR"]
[SourceTitle "CBM 195 Extra"]
[Source "ChessBase"]
[SourceDate "2020.05.31"]
[SourceVersion "1"]
[SourceVersionDate "2020.05.31"]
[SourceQuality "1"]

1. Nf3 d5 2. d4 Bf5 3. e3 e6 4. Be2 Nf6 5. 0-0 h6 6. c4 c6 7. Nc3 Bd6 8. b3 Nbd7 9. Bb2 0-0 10. Bd3 Ne4 11. Qc2 Ndf6 12. Ne2 Rc8 13. Ne5 Bxe5 14. dxe5 Nd7 15. f3 Qg5 16. Nf4 Nec5 17. Bxf5 exf5 18. cxd5 cxd5 19. Qf2 Rfe8 20. Nxd5 Nd3 21. Qd2 Nxb2 22. f4 Qd8 23. Qxb2 Nxe5 24. Rad1 Nd7 25. Qb1 Nf6 26. Qxf5 Nxd5 27. Rxd5 Qe7 28. Re1 Qe4 29. Qxe4 Rxe4 30. Kf2 Kf8 31. Kf3 Re7 32. Red1 Ke8 33. R1d3 Rec7 34. h4 Ke7 35. e4 Ke6 36. Re5+ Kf6 37. Rd6# 1-0

[Event "PAR-ch qual1"]
[Site "Asuncion"]
[Date "2018.03.29"]
[Round "3"]
[White "Centurion, Emilio"]
[Black "Butti, Enrique"]
[Result "0-1"]
[WhiteElo "1923"]
[BlackElo "2064"]
[PlyCount "81"]
[EventDate "2018.03.28"]
[EventType "swiss"]
[EventRounds "7"]
[EventCountry "PAR"]
[SourceTitle "EXT 2019"]
[Source "ChessBase"]
[SourceDate "2018.10.10"]
[SourceVersion "1"]
[SourceVersionDate "2018.10.10"]
[SourceQuality "1"]

1. Nf3 c5 2. c4 Nf6 3. Nc3 b6 4. e4 Bb7 5. e5 Ng8 6. d4 Bxf3 7. Qxf3 Nc6 8. e6 fxe6 9. d5 Nd4 10. Qh5+ g6 11. Qe5 Nf6 12. Bd3 d6 13. Qg3 e5 14. f4 exf4 15. Qxf4 Bg7 16. Be3 0-0 17. Qh4 Qd7 18. Bxd4 cxd4 19. Ne4 Nxe4 20. Qxe4 Be5 21. g3 Qa4 22. a3 Qb3 23. Qe2 Rf6 24. Rf1 Rxf1+ 25. Kxf1 Rf8+ 26. Kg2 b5 27. Rf1 Rxf1 28. Kxf1 bxc4 29. Bxc4 Qb7 30. Bd3 e6 31. Kg1 exd5 32. b4 Qe7 33. a4 Qg5 34. b5 Qc1+ 35. Kg2 Qc3 36. Qf3 Qc5 37. a5 Kg7 38. h4 Qc3 39. a6 Qd2+ 40. Kh3 h5 41. g4 0-1

[Event "Asuncion Clasificatorio op 6th"]
[Site "Asuncion"]
[Date "2016.10.02"]
[Round "4.4"]
[White "Centurion, Emilio"]
[Black "Saucedo, Moises"]
[Result "1-0"]
[WhiteElo "1907"]
[BlackElo "1701"]
[PlyCount "127"]
[EventDate "2016.09.30"]
[EventType "swiss"]
[EventRounds "7"]
[EventCountry "PAR"]
[SourceTitle "EXT 2023"]
[Source "ChessBase"]
[SourceDate "2022.10.05"]
[SourceVersion "1"]
[SourceVersionDate "2022.10.05"]
[SourceQuality "1"]

1. e4 e5 2. Nf3 Nc6 3. Bc4 Bc5 4. 0-0 Nf6 5. d3 d6 6. Bg5 0-0 7. Nc3 h6 8. Bh4 Be6 9. Nd5 Bxd5 10. Bxd5 Rb8 11. Qd2 Qe7 12. c3 Rfd8 13. b4 Bb6 14. a4 a5 15. b5 Na7 16. Bb3 c6 17. c4 c5 18. Bd1 Qe6 19. Rb1 Rf8 20. h3 Nh5 21. Ne1 Nf4 22. Bg4 Qe8 23. Bg3 Ne6 24. Nc2 Nc8 25. Ne3 Ne7 26. Bh4 g5 27. Bg3 Nd4 28. Bh5 Qd7 29. Bg4 Qe8 30. Nc2 Kg7 31. Nxd4 cxd4 32. Rfc1 Ng6 33. Bf5 Qe7 34. Bxg6 Kxg6 35. f3 f5 36. exf5+ Rxf5 37. Qe1 Re8 38. Qe4 Ref8 39. Be1 Kg7 40. Bd2 Qf7 41. Rf1 Qd7 42. Qd5 Qc7 43. Rbc1 R8f7 44. Qe4 Qe7 45. Qe1 Qd8 46. Qg3 Ba7 47. h4 b6 48. Rce1 Bb8 49. Re4 Kg8 50. hxg5 hxg5 51. Rg4 Rg7 52. Qe1 Bc7 53. Qe4 Qf6 54. Kf2 Bd8 55. Rh1 Qe6 56. Kg1 Qf7 57. Qa8 Qd7 58. Rh5 Kf7 59. Rh8 Be7 60. Rb8 Qc7 61. Qd5+ Kg6 62. Rb7 Qc8 63. Rxb6 Rff7 64. c5 1-0

[Event "Asuncion Clasificatorio op 3rd"]
[Site "Asuncion"]
[Date "2016.06.11"]
[Round "3.8"]
[White "Encina, Alfred"]
[Black "Centurion, Emilio"]
[Result "1/2-1/2"]
[WhiteElo "1712"]
[BlackElo "1905"]
[PlyCount "20"]
[EventDate "2016.06.10"]
[EventType "swiss"]
[EventRounds "7"]
[EventCountry "PAR"]
[SourceTitle "EXT 2023"]
[Source "ChessBase"]
[SourceDate "2022.10.05"]
[SourceVersion "1"]
[SourceVersionDate "2022.10.05"]
[SourceQuality "1"]

1. c4 Nf6 2. d3 d5 3. cxd5 Nxd5 4. g3 e5 5. Bg2 Be6 6. Nf3 f6 7. 0-0 Bc5 8. d4 exd4 9. Nxd4 Bxd4 10. Qxd4 0-0 1/2-1/2

[Event "Asuncion Clasificatorio op 4th"]
[Site "Asuncion"]
[Date "2015.08.16"]
[Round "7.3"]
[White "Centurion, Emilio"]
[Black "Roman, Rodrigo"]
[Result "1/2-1/2"]
[WhiteElo "1889"]
[BlackElo "2048"]
[PlyCount "27"]
[EventDate "2015.08.14"]
[EventType "swiss"]
[EventRounds "7"]
[EventCountry "PAR"]
[SourceTitle "EXT 2023"]
[Source "ChessBase"]
[SourceDate "2022.10.05"]
[SourceVersion "1"]
[SourceVersionDate "2022.10.05"]
[SourceQuality "1"]

1. e4 c5 2. Nf3 d6 3. d4 cxd4 4. Nxd4 Nf6 5. Nc3 Bd7 6. Bg5 Nc6 7. Bxf6 gxf6 8. Nxc6 bxc6 9. Qh5 Qb6 10. Bc4 e6 11. 0-0-0 Qxf2 12. Kb1 Be7 13. Bb3 Qe3 14. h4 1/2-1/2

[Event "Asuncion Clasificatorio op 4th"]
[Site "Asuncion"]
[Date "2015.08.15"]
[Round "3.2"]
[White "Centurion, Emilio"]
[Black "Heinechen, John"]
[Result "1-0"]
[WhiteElo "1889"]
[BlackElo "2001"]
[PlyCount "123"]
[EventDate "2015.08.14"]
[EventType "swiss"]
[EventRounds "7"]
[EventCountry "PAR"]
[SourceTitle "EXT 2023"]
[Source "ChessBase"]
[SourceDate "2022.10.05"]
[SourceVersion "1"]
[SourceVersionDate "2022.10.05"]
[SourceQuality "1"]

1. d4 e6 2. c4 Bb4+ 3. Bd2 Bxd2+ 4. Nxd2 Nf6 5. e4 d6 6. Ngf3 Nc6 7. Be2 0-0 8. 0-0 e5 9. d5 Ne7 10. Ne1 g5 11. Nd3 Ng6 12. g3 Bh3 13. Re1 Qd7 14. f3 h5 15. Nf2 g4 16. Nxh3 gxf3 17. Nxf3 Qxh3 18. Ng5 Qd7 19. Bxh5 Kg7 20. Rf1 Rh8 21. Bxg6 Kxg6 22. Qf3 Ng4 23. h4 Nh6 24. Qf6+ Kh5 25. Ne6 Rag8 26. Ng7+ Rxg7 27. Qxg7 Rg8 28. Rf5+ Qxf5 29. Qxg8 Qf6 30. Qg5+ Qxg5 31. hxg5 Kxg5 32. Rf1 f5 33. exf5 Nxf5 34. Kf2 Kg4 35. Rh1 e4 36. Rh8 e3+ 37. Kg2 Nxg3 38. Rg8+ Kf4 39. Rxg3 e2 40. Rf3+ Ke4 41. Rf7 e1N+ 42. Kf1 Nd3 43. b3 c6 44. dxc6 bxc6 45. Rxa7 d5 46. cxd5 cxd5 47. Ke2 Kd4 48. Kd2 Nc5 49. Re7 Na6 50. Rh7 Kc5 51. a3 Kb5 52. b4 Kc4 53. Ra7 Nb8 54. Rb7 Nc6 55. Rc7 Kb5 56. a4+ Kb6 57. Rxc6+ Kxc6 58. Kd3 Kd6 59. Kd4 Kc6 60. Ke5 d4 61. Kxd4 Kd6 62. Ke4 1-0

[Event "Asuncion Clasificatorio op 4th"]
[Site "Asuncion"]
[Date "2015.08.15"]
[Round "2.9"]
[White "Gomez Dacak, Franklin Paul"]
[Black "Centurion, Emilio"]
[Result "0-1"]
[WhiteElo "1671"]
[BlackElo "1889"]
[PlyCount "78"]
[EventDate "2015.08.14"]
[EventType "swiss"]
[EventRounds "7"]
[EventCountry "PAR"]
[SourceTitle "EXT 2023"]
[Source "ChessBase"]
[SourceDate "2022.10.05"]
[SourceVersion "1"]
[SourceVersionDate "2022.10.05"]
[SourceQuality "1"]

1. d4 Nf6 2. Bf4 d6 3. Nf3 g6 4. e3 Bg7 5. Be2 0-0 6. 0-0 Bf5 7. h3 h5 8. Re1 Ne4 9. Nbd2 Nd7 10. Nxe4 Bxe4 11. Nd2 Bc6 12. Bf3 Bxf3 13. Nxf3 e5 14. Bh2 e4 15. Nd2 Re8 16. c4 b6 17. Qc2 Qe7 18. a4 c5 19. a5 f5 20. Nb3 Qe6 21. Rad1 Bf8 22. a6 Nb8 23. dxc5 bxc5 24. Ra1 Nc6 25. Na5 Nb4 26. Qd2 Nd3 27. Reb1 d5 28. cxd5 Qxd5 29. Nb7 Rac8 30. Ra5 Qe6 31. Rba1 Rc6 32. R1a4 Rb6 33. Qc3 Rxb2 34. Bg3 Rb1+ 35. Kh2 Rc1 36. Qa3 c4 37. Qa2 Rc8 38. Rb5 Qc6 39. Rb1 Rxb1 0-1

[Event "Asuncion IRT Sub 2200"]
[Site "Asuncion"]
[Date "2013.06.10"]
[Round "6.5"]
[White "Centurion, Emilio"]
[Black "Aguero Centurion, Abel Alejandro"]
[Result "1-0"]
[WhiteElo "1822"]
[BlackElo "1648"]
[PlyCount "81"]
[EventDate "2013.06.07"]
[EventType "swiss"]
[EventRounds "7"]
[EventCountry "PAR"]
[SourceTitle "EXT 2023"]
[Source "ChessBase"]
[SourceDate "2022.10.05"]
[SourceVersion "1"]
[SourceVersionDate "2022.10.05"]
[SourceQuality "1"]

1. e4 d5 2. exd5 Qxd5 3. Nc3 Qa5 4. d4 c6 5. Bd3 Nf6 6. Nge2 Bf5 7. 0-0 Bxd3 8. Qxd3 e6 9. Bd2 Bb4 10. a3 Bxc3 11. bxc3 Nbd7 12. Rfb1 Qc7 13. Bf4 Qc8 14. Bd6 Nb6 15. c4 Qd7 16. Bc5 Nc8 17. Qg3 Rg8 18. Qf3 Ne7 19. a4 Qc7 20. a5 Nd7 21. Qa3 Nxc5 22. Qxc5 Kd7 23. g3 Rgd8 24. Qh5 Rf8 25. Nf4 Rad8 26. Nd3 Kc8 27. c3 Nf5 28. Nc5 g6 29. Qe2 Nd6 30. Ra4 Rd7 31. Nxd7 Kxd7 32. Qe5 Ne8 33. Qc5 Nd6 34. Qxa7 Rb8 35. a6 b6 36. Qxc7+ Kxc7 37. c5 bxc5 38. Rxb8 Kxb8 39. dxc5 Ne8 40. a7+ Ka8 41. Ra6 1-0

[Event "Asuncion IRT Sub 2200"]
[Site "Asuncion"]
[Date "2013.06.09"]
[Round "5.6"]
[White "Genes Paredes, Dhara Camila"]
[Black "Centurion, Emilio"]
[Result "0-1"]
[WhiteElo "1449"]
[BlackElo "1822"]
[PlyCount "78"]
[EventDate "2013.06.07"]
[EventType "swiss"]
[EventRounds "7"]
[EventCountry "PAR"]
[SourceTitle "EXT 2023"]
[Source "ChessBase"]
[SourceDate "2022.10.05"]
[SourceVersion "1"]
[SourceVersionDate "2022.10.05"]
[SourceQuality "1"]

1. d4 e6 2. Nf3 b6 3. Bf4 Nf6 4. e3 Bb7 5. Bd3 Nd5 6. Bg3 f5 7. a3 c5 8. c4 Nf6 9. Nc3 Be7 10. 0-0 d5 11. Nb5 Na6 12. Rc1 0-0 13. Ng5 Qd7 14. h3 Ne4 15. Nxe4 dxe4 16. Be2 Bc6 17. Nc3 cxd4 18. Qxd4 Qc8 19. Qd2 Nc5 20. Qc2 Bf6 21. Rfd1 g5 22. Bd6 Rd8 23. Bxc5 bxc5 24. Rxd8+ Qxd8 25. Rd1 Qb8 26. Rd2 Qe5 27. Nd1 Be7 28. Qc3 Qc7 29. b4 Rf8 30. b5 Be8 31. Qc2 Bg6 32. Nc3 Qe5 33. Rd7 Bd6 34. g3 f4 35. exf4 gxf4 36. gxf4 Qxf4 37. Bg4 Qh2+ 38. Kf1 Qh1+ 39. Ke2 Rxf2+ 0-1